[Event "POL-chT blind"]
[Site "Mielno"]
[Date "2010.03.25"]
[Round "7.12"]
[White "Zarow, Zdzislaw"]
[Black "Hodowany, Wojciech"]
[Result "1-0"]
[WhiteElo "2001"]
[BlackElo "1798"]
[PlyCount "29"]
[EventDate "2010.03.21"]
[EventType "team-tourn"]
[EventRounds "10"]
[EventCountry "POL"]
[SourceTitle "EXT 2011"]
[Source "ChessBase"]
[SourceDate "2010.11.26"]
[SourceVersion "1"]
[SourceVersionDate "2010.11.26"]
[SourceQuality "1"]

1. e4 c5 2. Bc4 e6 3. Nc3 d6 4. Nf3 Nf6 5. d3 Be7 6. Bg5 h6 7. Bd2 0-0 8. 0-0 Nc6 9. Re1 Na5 10. Bb3 a6 11. e5 dxe5 12. Nxe5 Nxb3 13. axb3 Qc7 14. Bf4 Bd6 15. Nb5 1-0

[Event "POL-chT blind"]
[Site "Mielno"]
[Date "2010.03.22"]
[Round "2.12"]
[White "Hodowany, Wojciech"]
[Black "Zarow, Zdzislaw"]
[Result "0-1"]
[WhiteElo "1798"]
[BlackElo "2001"]
[PlyCount "34"]
[EventDate "2010.03.21"]
[EventType "team-tourn"]
[EventRounds "10"]
[EventCountry "POL"]
[SourceTitle "EXT 2011"]
[Source "ChessBase"]
[SourceDate "2010.11.26"]
[SourceVersion "1"]
[SourceVersionDate "2010.11.26"]
[SourceQuality "1"]

1. d4 d5 2. c4 Nf6 3. Nf3 e6 4. Bg5 Be7 5. cxd5 Qxd5 6. Nc3 Bb4 7. Bxf6 gxf6 8. a3 Bxc3+ 9. bxc3 Bd7 10. e3 Rg8 11. g3 Qa5 12. Qd2 Bc6 13. Bg2 Nd7 14. 0-0 0-0-0 15. c4 Qh5 16. Nh4 Bxg2 17. Nxg2 Ne5 0-1

[Event "Wisla op"]
[Site "Wisla"]
[Date "2009.05.05"]
[Round "2"]
[White "Hodowany, Wojciech"]
[Black "Pela, Edward"]
[Result "0-1"]
[WhiteElo "1780"]
[BlackElo "1951"]
[PlyCount "46"]
[EventDate "2009.05.04"]
[EventType "swiss"]
[EventRounds "11"]
[EventCountry "POL"]
[SourceTitle "EXT 2012"]
[Source "ChessBase"]
[SourceDate "2011.11.24"]
[SourceVersion "1"]
[SourceVersionDate "2011.11.24"]
[SourceQuality "1"]

1. d4 Nf6 2. c4 g6 3. Nc3 d5 4. Nf3 Bg7 5. Bg5 Ne4 6. Bf4 Nxc3 7. bxc3 dxc4 8. Qa4+ c6 9. Qxc4 0-0 10. e4 Qa5 11. Qb4 Qxb4 12. cxb4 a5 13. b5 c5 14. e5 cxd4 15. Nxd4 g5 16. Bg3 Nd7 17. Nf5 Bxe5 18. Nxe7+ Kh8 19. Bxe5+ Nxe5 20. Nxc8 Raxc8 21. Be2 Rc2 22. Kd1 Rb2 23. Rc1 Rd8+ 0-1

[Event "POL-chT blind B"]
[Site "Jarnoltowek"]
[Date "2007.03.20"]
[Round "5.5"]
[White "Stolarczyk, Anna"]
[Black "Hodowany, Wojciech"]
[Result "1/2-1/2"]
[WhiteElo "2029"]
[BlackElo "1887"]
[PlyCount "25"]
[EventDate "2007.03.17"]
[EventType "team"]
[EventRounds "10"]
[EventCountry "POL"]
[SourceTitle "EXT 2019"]
[Source "ChessBase"]
[SourceDate "2018.10.10"]
[SourceVersion "1"]
[SourceVersionDate "2018.10.10"]
[SourceQuality "1"]

1. d4 Nf6 2. c4 e6 3. Nc3 Bb4 4. Qc2 0-0 5. Nf3 c5 6. a3 cxd4 7. axb4 dxc3 8. bxc3 Qc7 9. e4 Nc6 10. Bd3 Ne5 11. Nxe5 Qxe5 12. f4 Qh5 13. 0-0 1/2-1/2

[Event "Wroclaw-ch"]
[Site "Wroclaw"]
[Date "2003.??.??"]
[Round "5"]
[White "Hodowany, Wojciech"]
[Black "Rzewnicki, Pawel"]
[Result "1-0"]
[WhiteElo "1800"]
[BlackElo "1800"]
[PlyCount "99"]
[EventDate "2003.??.??"]
[EventType "swiss"]
[EventRounds "9"]
[EventCountry "POL"]
[SourceTitle "EXT 2007"]
[Source "ChessBase"]
[SourceDate "2006.11.23"]
[SourceVersion "1"]
[SourceVersionDate "2006.11.23"]
[SourceQuality "1"]

1. d4 d5 2. c4 e6 3. Nc3 Nf6 4. Bg5 Be7 5. Nf3 Nbd7 6. e3 0-0 7. Bd3 c6 8. 0-0 dxc4 9. Bxc4 Nd5 10. Bxe7 Qxe7 11. a3 Nxc3 12. bxc3 e5 13. Re1 e4 14. Nd2 Nf6 15. Qc2 Bf5 16. Nf1 Rfe8 17. a4 Nd5 18. Ng3 Bg6 19. Be2 Qh4 20. Rab1 b6 21. c4 Nf6 22. h3 Rad8 23. a5 Rb8 24. Qa4 Re6 25. axb6 axb6 26. Qa7 Rbe8 27. Rxb6 Nh5 28. Nxh5 Bxh5 29. Bxh5 Qxh5 30. Qd7 Qa5 31. Reb1 Qa8 32. Rb7 Rf8 33. Ra7 Qd8 34. Rbb7 Qf6 35. Rc7 h5 36. Rc8 Rxc8 37. Qxc8+ Kh7 38. Qf8 Qg5 39. Rxf7 Rg6 40. g3 Qh6 41. Rf4 Rg5 42. h4 Ra5 43. Rxe4 c5 44. Qf5+ Qg6 45. Qxg6+ Kxg6 46. d5 Kf5 47. Re7 Ra4 48. Rxg7 Rxc4 49. Kf1 Ke4 50. d6 1-0

[Event "Wroclaw-ch"]
[Site "Wroclaw"]
[Date "2003.??.??"]
[Round "6"]
[White "Szumilas, Pawel"]
[Black "Hodowany, Wojciech"]
[Result "1-0"]
[WhiteElo "2060"]
[BlackElo "1800"]
[PlyCount "103"]
[EventDate "2003.??.??"]
[EventType "swiss"]
[EventRounds "9"]
[EventCountry "POL"]
[SourceTitle "EXT 2007"]
[Source "ChessBase"]
[SourceDate "2006.11.23"]
[SourceVersion "1"]
[SourceVersionDate "2006.11.23"]
[SourceQuality "1"]

1. e4 c5 2. Nc3 Nc6 3. Bb5 Qc7 4. Nf3 e6 5. 0-0 Nf6 6. h3 Be7 7. d3 Nd4 8. Nxd4 cxd4 9. Ne2 a6 10. Ba4 e5 11. f4 b5 12. Bb3 d6 13. fxe5 dxe5 14. Ng3 0-0 15. Nf5 Be6 16. Bg5 Bxf5 17. Rxf5 Qd6 18. Qf3 Ra7 19. Rf1 h6 20. Bh4 Bd8 21. Qg3 Kh8 22. Qxe5 Qxe5 23. Rxe5 Ng4 24. hxg4 Bxh4 25. Rf3 Bg5 26. Rd5 Be3+ 27. Kf1 Rb7 28. Ke2 Bc1 29. Rxd4 Bxb2 30. Rd6 a5 31. Bd5 Ra7 32. Rb6 b4 33. Bc4 f6 34. Ra6 Rfa8 35. Rd6 Be5 36. Re6 g5 37. g3 Kg7 38. Ke3 Rd8 39. Bd5 Rd6 40. Rfxf6 Rxe6 41. Rxe6 Bxg3 42. d4 a4 43. e5 Rc7 44. Rc6 Rxc6 45. Bxc6 a3 46. Ke4 Bf2 47. d5 Kf7 48. d6 Ke6 49. Bb7 Kd7 50. Kd5 Bb6 51. e6+ Ke8 52. Bc6+ 1-0